La legge antimafia: comm. per articolo della L. 646/1982 integrata dalle LL. 726 E 936/1982

Gespeichert in:  
Bibliographische Detailangaben
VerfasserInnen: Macrì, Carlo (Verfasst von) ; Macrì, Vincenzo (Verfasst von)
Medienart: Druck Buch
Sprache:Italienisch
Veröffentlicht: Napoli Jovene 1987
In:Jahr: 1987
Bestand in Tübingen:In Tübingen vorhanden.
UB: KB 18 A 3074
Verfügbarkeit prüfen: HBZ Gateway
Subito Bestelldienst: Jetzt bestellen.

MARC

LEADER 00000cam a2200000 c 4500
001 1083529684
003 DE-627
005 20220514105456.0
007 tu
008 880105s1987 xx ||||| 00| ||ita c
035 |a (DE-627)1083529684 
035 |a (DE-576)013529684 
035 |a (DE-599)BSZ013529684 
035 |a (OCoLC)310763627 
040 |a DE-627  |b ger  |c DE-627  |e rakwb 
041 |a ita 
100 1 |a Macrì, Carlo  |4 aut 
245 1 3 |a La legge antimafia  |b comm. per articolo della L. 646/1982 integrata dalle LL. 726 E 936/1982  |c Carlo Macrì; Vincenzo Macrì 
264 1 |a Napoli  |b Jovene  |c 1987 
300 |a XII, 400 S. 
336 |a Text  |b txt  |2 rdacontent 
337 |a ohne Hilfsmittel zu benutzen  |b n  |2 rdamedia 
338 |a Band  |b nc  |2 rdacarrier 
700 1 |a Macrì, Vincenzo  |4 aut 
951 |a BO 
ELC |b 1 
LOK |0 000 xxxxxcx a22 zn 4500 
LOK |0 001 2102783979 
LOK |0 003 DE-627 
LOK |0 004 1083529684 
LOK |0 005 19880113000000 
LOK |0 008 880105||||||||||||||||ger||||||| 
LOK |0 040   |a DE-21  |c DE-627  |d DE-21 
LOK |0 852   |a DE-21 
LOK |0 852 1  |c KB 18 A 3074  |9 00 
LOK |0 935   |a krim 
LOK |0 939   |a 05-01-88  |b l01 
ORI |a SA-MARC-krimdoka001.raw 
SIG |a UB: KB 18 A 3074